zpět

Detail výsledku týmu

Burger & Beer Brothers, Olomouc

Datum a čas kvízu

28 Celkem bodů Celkový počet nahraných bodů na tomto kvízu bez doplňovacích otázek.
7. Pořadí na kvízu Konečné umístění týmu na tomto kvízu.

Zaznamenané odpovědi

# Otázka Odpověď Body Výsledky
1. Česká pošta vydala u příležito... Jiří Suchý 0
2. Vláda jisté země dala ve čtvrt... Francisco Franco 0
3. Minulý čtvrtek byl slavnostně... Aj Wej-wej 0
4. Před měsícem vzbudila rozruch... Google 0
5. Vladimír Růžička se po půl roc... Hradec Králové 0
6. Druhý díl naší cesty kolem svě... Srí Lanka (do r. 1972 Cejlon) 0
7. Pokračujeme dále do jihovýchod... Thajsko 0
8. Další dvě otázky budou patřit... 2. největší 1
9. Jakou barvou je přibližně vyz... žlutou barvou 0
10. Dnešní putování zakončíme v Mo... z kobylího mléka 0